<?xml version="1.0" encoding="UTF-8"?>
<record
    xmlns:xsi="http://www.w3.org/2001/XMLSchema-instance"
    xsi:schemaLocation="http://www.loc.gov/MARC21/slim http://www.loc.gov/standards/marcxml/schema/MARC21slim.xsd"
    xmlns="http://www.loc.gov/MARC21/slim">

  <leader>00858nam a22002297a 4500</leader>
  <controlfield tag="003">DO-SdBNP</controlfield>
  <controlfield tag="005">20210909121959.0</controlfield>
  <controlfield tag="007">ta</controlfield>
  <controlfield tag="008">210909e2018    dr ac||fr|||| 00| 0 spa d</controlfield>
  <datafield tag="040" ind1=" " ind2=" ">
    <subfield code="a">DO-SdBNP</subfield>
    <subfield code="b">spa</subfield>
    <subfield code="c">BNPHU</subfield>
  </datafield>
  <datafield tag="082" ind1=" " ind2="4">
    <subfield code="2">22</subfield>
    <subfield code="b">P925n</subfield>
  </datafield>
  <datafield tag="111" ind1="1" ind2=" ">
    <subfield code="a">Premio Nacional Mujeres de Progreso </subfield>
    <subfield code="n"> </subfield>
    <subfield code="d">(2018:</subfield>
    <subfield code="c">Santo Domingo, Rep&#xFA;blica Dominicana )</subfield>
    <subfield code="9">79792</subfield>
  </datafield>
  <datafield tag="245" ind1="1" ind2="0">
    <subfield code="a">Premio nacional mujeres de progreso 2018. /</subfield>
    <subfield code="b">Milena Erazo, ed.; Ruth Acosta, Hu&#xE1;scar Ruiz, Joel Francisco, fotograf&#xED;as.</subfield>
  </datafield>
  <datafield tag="260" ind1=" " ind2=" ">
    <subfield code="a">Santo Domingo :</subfield>
    <subfield code="b">Vicepresidencia de la Rep&#xFA;blica,</subfield>
    <subfield code="c">2018</subfield>
  </datafield>
  <datafield tag="300" ind1=" " ind2=" ">
    <subfield code="a">[25 p.-]</subfield>
    <subfield code="b">il., retr.</subfield>
    <subfield code="c">25 cm</subfield>
  </datafield>
  <datafield tag="590" ind1=" " ind2=" ">
    <subfield code="a">Inventariado 2021 / MF</subfield>
  </datafield>
  <datafield tag="700" ind1=" " ind2="2">
    <subfield code="9">55124</subfield>
    <subfield code="a">Erazo, Milena,</subfield>
    <subfield code="e">ed.</subfield>
  </datafield>
  <datafield tag="700" ind1=" " ind2="2">
    <subfield code="9">73624</subfield>
    <subfield code="a">Acosta, Ruth,</subfield>
    <subfield code="d">1967-</subfield>
    <subfield code="e">fotogr.</subfield>
  </datafield>
  <datafield tag="700" ind1=" " ind2="2">
    <subfield code="a">Ruiz, Hu&#xE1;scar</subfield>
    <subfield code="e">fotogr.</subfield>
    <subfield code="9">79798</subfield>
  </datafield>
  <datafield tag="700" ind1=" " ind2="2">
    <subfield code="a">Francisco, Joel </subfield>
    <subfield code="e">fotogr.</subfield>
    <subfield code="9">79799</subfield>
  </datafield>
  <datafield tag="942" ind1=" " ind2=" ">
    <subfield code="2">ddc</subfield>
    <subfield code="c">LF2</subfield>
  </datafield>
  <datafield tag="952" ind1=" " ind2=" ">
    <subfield code="0">0</subfield>
    <subfield code="1">0</subfield>
    <subfield code="2">ddc</subfield>
    <subfield code="5">1</subfield>
    <subfield code="7">0</subfield>
    <subfield code="8">PD</subfield>
    <subfield code="a">BNPHU</subfield>
    <subfield code="b">PD</subfield>
    <subfield code="c">HD</subfield>
    <subfield code="d">2018-05-10</subfield>
    <subfield code="e">Donado por la Vicepresidencia</subfield>
    <subfield code="l">0</subfield>
    <subfield code="o">P925n</subfield>
    <subfield code="p">2021-26255</subfield>
    <subfield code="r">2021-09-09</subfield>
    <subfield code="w">2021-09-09</subfield>
    <subfield code="y">LFPD</subfield>
  </datafield>
  <datafield tag="999" ind1=" " ind2=" ">
    <subfield code="c">50453</subfield>
    <subfield code="d">50453</subfield>
  </datafield>
</record>
